| 000 | 00887nam a2200241 i 4500 | ||
|---|---|---|---|
| 001 | 85515 | ||
| 003 | ES-MaACL | ||
| 005 | 20250811030345.0 | ||
| 007 | t| | ||
| 008 | 041128s1912 sp ||||1| spa d | ||
| 100 | 1 |
_aCalvo y Camina, Pedro. _933922 |
|
| 245 | 1 | 0 |
_aJurisprudencia y legislación sobre el Código civil _b: anotadas en índice cronológico / _cpor Pedro Calvo Carmina ; con un prólogo de Félix Suárez Inclán. |
| 260 |
_aMadrid : _bReus, _c1912 ( _fImp. de Prudencio Pérez de Velasco) |
||
| 300 |
_aXV, 560 p. ; _c17 cm. |
||
| 490 | 1 |
_aManuales Reus ; _v6 |
|
| 610 | 1 | 4 |
_aEspaña. _tCódigo civil, 1889 _93628 |
| 650 | 0 | 4 |
_aDerecho civil- _zEspaña _911659 |
| 650 | 4 |
_aCódigo civil- _zEspaña. _9135863 |
|
| 700 | 1 |
_aSuárez Inclán, Félix. _9108633 |
|
| 830 | 1 |
_aManuales Reus ; _v6 _9183879 |
|
| 852 |
_aES-MaACL _jG-15331 |
||
| 999 |
_c85515 _d85515 |
||